Aristotelés a aristotelizmus

Omyly Aristotelovej filozofie na mnoho storočí ovplyvnili názory vzdelaných i nevzdelaných ľudí. Vzdelaní teológovia i laickí veriaci sa opierali o jeho geocentrizmus, sociálni filozofi kritizovali jeho uznanie otroctva a feministky odsudzovali jeho názor na postavenie žien v spoločnosti. Nadčasová...

Descrizione completa

Salvato in:
Dettagli Bibliografici
Autore principale: Zágoršeková, Marta
Natura: Capitolo di libro
Lingua:slovacco
Soggetti:
Tags: Aggiungi Tag
Nessun Tag, puoi essere il primo ad aggiungerne!!

MARC

LEADER 00000nla a2200000 4500
001 0226087
005 20240502073719.3
041 0 |a slo 
044 |a SK 
245 1 0 |a Aristotelés a aristotelizmus  |c Marta Zágoršeková 
520 |a Omyly Aristotelovej filozofie na mnoho storočí ovplyvnili názory vzdelaných i nevzdelaných ľudí. Vzdelaní teológovia i laickí veriaci sa opierali o jeho geocentrizmus, sociálni filozofi kritizovali jeho uznanie otroctva a feministky odsudzovali jeho názor na postavenie žien v spoločnosti. Nadčasová hodnota Aristotelovej filozofie. 
610 2 0 |a filozofia 
610 2 0 |a dejiny filozofie 
610 2 0 |a Aristoteles 
100 1 |a Zágoršeková, Marta